Sports Quiz

Random Sports or NCAA Quiz

2012 NCAA basketball top scoring teams Quiz Stats

 Plays Quiz not verified by Sporcle

Challenge
Share
Tweet
Embed
Score 0/20 Timer 03:00
0 Plays Today
Point per game Team % Correct
80Duke
88%
84.1North Carolina
70%
79.2Florida
56%
80.5Missouri
46%
78.7Indiana
36%
80.8Oregon St
32%
80UNLV
30%
80Creighton
28%
79.2BYU
28%
78.9Weber St
24%
Point per game Team % Correct
78.7South Dakota St
22%
83.1VMI
10%
81.3 Belmont
8%
78.8Texas State
4%
78.8Oakland
4%
78.8Davidson
4%
83.3Lona
2%
82.6UNC Asheville
2%
80.1LIU Brooklyn
2%
78.9Cal St Fullerton
2%

You're not logged in!

Compare scores with friends on all Sporcle quizzes.
Join for Free
OR
Log In

You Might Also Like...

Show Comments

Extras

Created Feb 11, 2012ReportNominate
Tags:Basketball Quiz, NCAA Quiz

Top Quizzes Today


Score Distribution

Your Account Isn't Verified!

In order to create a playlist on Sporcle, you need to verify the email address you used during registration. Go to your Sporcle Settings to finish the process.

Report this User

Report this user for behavior that violates our Community Guidelines.

Details: